| 000 | 01020nam a22003137a 4500 | ||
|---|---|---|---|
| 003 | CHAP | ||
| 005 | 20220817042037.0 | ||
| 008 | 971013s1958 r 00010 d | ||
| 010 | _a32863 | ||
| 011 | _a33835 | ||
| 035 | _a37951 | ||
| 040 | _cCHAP | ||
| 082 |
_a338.972 _bL66 |
||
| 100 | 0 | 0 |
_aLópez Romero, Adolfo. _968304 |
| 245 |
_aPlan México _b: sugerencias para una política económica del próximo gobierno |
||
| 260 |
_aMéxico : _bLibro Mex, _c1958 |
||
| 300 |
_a327 p. _b: gráfs. |
||
| 590 |
_aBATCH-UPD _b10 _c20130110 _lUCH01 _h0019 |
||
| 590 |
_aBATCH-UPD _b10 _c20130110 _lUCH01 _h1247 |
||
| 590 |
_aBATCH-UPD _b10 _c20130409 _lUCH01 _h1957 |
||
| 590 |
_aBATCH-UPD _b10 _c20130410 _lUCH01 _h0810 |
||
| 590 |
_aBATCH-UPD _b10 _c20130914 _lUCH01 _h1733 |
||
| 590 |
_aCONVERSION _b10 _c20130109 _lUCH01 _h1318 |
||
| 650 | 1 | 4 |
_aMéxico _xCondiciones económicas. |
| 650 | 1 | 4 | _aPolítica económica. |
| 901 | _aBK | ||
| 942 | _cLIBRO | ||
| 949 |
_a338.972 L66 _bBC _cLIBRO _d33724000435954 _eLIBRO _h38149 _i37951 _mD _si |
||
| 999 |
_c32863 _d32863 |
||